| 000 | 00369nam a2200145Ia 4500 | ||
|---|---|---|---|
| 008 | 210210b2000 xxu||||| |||| 00| 0 eng d | ||
| 020 | _a8174462112 | ||
| 082 | _a658.5 MANP | ||
| 100 | _aMANOCHA (R C) | ||
| 245 | _aProduction and operations management. | ||
| 260 |
_aND _bExcel Books _c2000 |
||
| 300 | _ax,322 | ||
| 690 | _aProduction Management | ||
| 906 | _aSG03541 | ||
| 999 |
_c114479 _d114479 |
||